Kỹ thuật sửa xe gắn máy hai thì và bốn thì /
Khung xe; Bộ lái; Bánh xe; Các phụ tùng xe; Động cơ nổ hai thì - bốn thì; Hệ thống cấp ga; Hệ thống đánh lửa; Nến điện; Đánh lửa bằng máy từ điện; Bảo trì và sửa máy từ điện; Hiệu chỉnh lửa; Đánh lửa bằng bình điện; Bình điện; Máy phát điện xoay chiều và bộ nắn điện; Máy phát điện một chiều và bộ ti...
محفوظ في:
| المؤلف الرئيسي: | |
|---|---|
| التنسيق: | كتاب |
| اللغة: | Vietnamese |
| منشور في: |
Hà Nội :
Giao thông vận tải,
2004.
|
| الموضوعات: | |
| الوسوم: |
إضافة وسم
لا توجد وسوم, كن أول من يضع وسما على هذه التسجيلة!
|
| Thư viện lưu trữ: | Mạng thư viện Đại học Đà Nẵng |
|---|
| LEADER | 01564cam a2200361 a 4500 | ||
|---|---|---|---|
| 001 | 000045545 | ||
| 003 | 4731 | ||
| 005 | 20060418135404.0 | ||
| 008 | 010220b2004 vm 000 vie | ||
| 020 | |c 36000 | ||
| 040 | |a LRC |c LRC |d LRC | ||
| 041 | 0 | |a vie | |
| 082 | 1 | 4 | |a 629.227 |b PH-L |
| 100 | 1 | |a Phạm Văn Liễn. | |
| 245 | 1 | 0 | |a Kỹ thuật sửa xe gắn máy hai thì và bốn thì / |c Phạm Văn Liễn. |
| 260 | |a Hà Nội : |b Giao thông vận tải, |c 2004. | ||
| 300 | |a 183 tr. : |b mh. ; |c 27 cm. | ||
| 520 | 3 | |a Khung xe; Bộ lái; Bánh xe; Các phụ tùng xe; Động cơ nổ hai thì - bốn thì; Hệ thống cấp ga; Hệ thống đánh lửa; Nến điện; Đánh lửa bằng máy từ điện; Bảo trì và sửa máy từ điện; Hiệu chỉnh lửa; Đánh lửa bằng bình điện; Bình điện; Máy phát điện xoay chiều và bộ nắn điện; Máy phát điện một chiều và bộ tiết chế.. | |
| 630 | 0 | 4 | |a Xe gắn máy. |
| 650 | 0 | 4 | |a Xe gắn máy |x Hai thì. |
| 650 | 0 | 4 | |a Xe gắn máy |x Bốn thì. |
| OWN | |a DUT | ||
| AVA | |a UDN50 |b DUT |c Book |d 629.227 PH-L |e available |t Error 5001 Not defined in file expand_doc_bib_avail. |f 5 |g 0 |h N |i 2 |j SH |k 1 | ||
| 999 | |a From the UDN01 | ||
| AVA | |a UDN50 |b DUT |c Book |d 629.227 PH-L |e available |t Error 5001 Not defined in file expand_doc_bib_avail. |f 5 |g 0 |h N |i 2 |j SH |k 1 | ||
| TYP | |a Monograph | ||
| TYP | |a Printed language | ||
| 980 | |a Mạng thư viện Đại học Đà Nẵng | ||